Normal view
MARC view
- مجمع اللغة العربية الأردني
Entry Personal Name
001 - CONTROL NUMBER
- control field: 58381
003 - CONTROL NUMBER IDENTIFIER
- control field: JO-AjAnu
005 - DATE AND TIME OF LATEST TRANSACTION
- control field: 20230606083544.0
008 - FIXED-LENGTH DATA ELEMENTS
- fixed length control field: 230606|| aca||aabn | a|a d
040 ## - CATALOGING SOURCE
- Original cataloging agency: JO-AjAnu
- Transcribing agency: JO-AjAnu
100 ## - HEADING--PERSONAL NAME
- Personal name: مجمع اللغة العربية الأردني
670 ## - SOURCE DATA FOUND
- Source citation: Work cat.: (JO-AjAnu)29782: مجمع اللغة العربية الأردني, author, الموسم الثقافي في الخامس والثلاثون لمجمع اللغة العربية الأردني: الكفاية اللغوية في مراحل التعليم العام 19-20 تشرين الثاني 2017م